<?xml version="1.0" encoding="UTF-8"?>
<resp>
  <nextPage>https://data.bn.org.pl/api/networks/bibs.marcxml?marc=001+b00001150002580&amp;sinceId=1150002581</nextPage>
  <collection>
    <record xmlns='http://www.loc.gov/MARC21/slim'><leader>01049namZa2200313ZiZ4500</leader><controlfield tag='001'>b00001150002580</controlfield><controlfield tag='005'>20241203215220.0</controlfield><controlfield tag='008'>230609s        pl           |000 0 pol c</controlfield><controlfield tag='009'>9913261504405606</controlfield><datafield ind1=' ' ind2=' ' tag='020'><subfield code='a'>8323701199</subfield></datafield><datafield ind1=' ' ind2=' ' tag='035'><subfield code='a'>KR_1KR_1_20120317231724086792-48omnis_kr</subfield></datafield><datafield ind1=' ' ind2=' ' tag='035'><subfield code='a'>KR_1_20120317231724086792</subfield><subfield code='9'>ExL</subfield></datafield><datafield ind1=' ' ind2=' ' tag='035'><subfield code='a'>(PL)b00001150002580</subfield></datafield><datafield ind1=' ' ind2=' ' tag='040'><subfield code='a'>KR_1</subfield><subfield code='c'>KR_1</subfield></datafield><datafield ind1='1' ind2=' ' tag='041'><subfield code='a'>pol</subfield><subfield code='h'>fre</subfield></datafield><datafield ind1='1' ind2=' ' tag='100'><subfield code='a'>Bernier, Jean-Pierre</subfield><subfield code='d'>(1938- )</subfield></datafield><datafield ind1='1' ind2='0' tag='245'><subfield code='a'>Poznajemy sawannę z Simbą /</subfield><subfield code='c'>[tekst Jean-Pierre Bernier i Michelle [!] Brunacci ; il. Comicup Studio].</subfield></datafield><datafield ind1=' ' ind2=' ' tag='260'><subfield code='a'>Warszawa :</subfield><subfield code='b'>&quot;Egmont&quot;,</subfield><subfield code='c'>[1999].</subfield></datafield><datafield ind1=' ' ind2=' ' tag='300'><subfield code='a'>44 s. :</subfield><subfield code='b'>il. kolor. ;</subfield><subfield code='c'>27 cm.</subfield></datafield><datafield ind1='1' ind2=' ' tag='490'><subfield code='a'>Disney Przedstawia Tajemnice Świata Zwierząt</subfield></datafield><datafield ind1=' ' ind2=' ' tag='500'><subfield code='a'>d</subfield></datafield><datafield ind1=' ' ind2='9' tag='650'><subfield code='a'>Literatura dziecięca francuska</subfield><subfield code='y'>20 w.</subfield></datafield><datafield ind1='1' ind2=' ' tag='700'><subfield code='a'>Brunacci, Michèle</subfield></datafield><datafield ind1=' ' ind2=' ' tag='852'><subfield code='b'>48OMNIS_NETWORK</subfield><subfield code='8'>9913261504405606</subfield></datafield><datafield ind1=' ' ind2=' ' tag='852'><subfield code='b'>48OMNIS_KR</subfield><subfield code='8'>991000025799708216</subfield></datafield><datafield ind1=' ' ind2=' ' tag='920'><subfield code='a'>83-237-0119-9</subfield></datafield></record>
  </collection>
</resp>
